Financovanie záujmových aktivít detí v roku 2013

Časť finančných prostriedkov z výnosu dane z príjmov fyzických osôb dostávajú mestá a obce na zabezpečenie záujmových aktivít prednostne pre občanov obce vo veku od 5 do 30 rokov. Na určenie objemu týchto finančných prostriedkov je v zákone stanovené objektívne, transparentné a verejne kontrolovateľ...

Descrizione completa

Salvato in:
Dettagli Bibliografici
Autore principale: Neupauerová, Zuzana
Natura: Capitolo di libro
Lingua:slovacco
Soggetti:
Tags: Aggiungi Tag
Nessun Tag, puoi essere il primo ad aggiungerne!!

MARC

LEADER 00000nla a2200000 4500
001 0173418
005 20240502072944.4
041 0 |a slo 
044 |a SK 
245 1 0 |a Financovanie záujmových aktivít detí v roku 2013  |c Zuzana Neupauerová 
520 |a Časť finančných prostriedkov z výnosu dane z príjmov fyzických osôb dostávajú mestá a obce na zabezpečenie záujmových aktivít prednostne pre občanov obce vo veku od 5 do 30 rokov. Na určenie objemu týchto finančných prostriedkov je v zákone stanovené objektívne, transparentné a verejne kontrolovateľné kritérium a to počet detí vo veku od 5 do 14 rokov s trvalým pobytom v obci. Predpokladaná výška na dieťa je približne 62 Eur. 
610 2 0 |a školy 
610 2 0 |a zariadenia školské 
610 2 0 |a výchova mimoškolská 
610 2 0 |a využitie času voľného 
610 2 0 |a financovanie školstva 
610 2 0 |a obce 
100 1 |a Neupauerová, Zuzana